000
00396nam a2200145Ia 4500
008
100204s9999 xx 000 0 und d
082
_b
17424
100
_a
खरे जयश्री
245
_a
मोतिया
260
_b
दिलीपराज प्रकाशन
_c
1994
300
_a
139
630
_a
मोतिया
730
_a
मोतिया
942
_c
BOOK
999
_c
461847
_d
461844